000 00377nam a2200133Ia 4500
008 230917s9999||||xx |||||||||||||| ||und||
040 _e92648
_aMAIN
041 _aEnglish
082 _a610 B469S
100 _aBhardwaj, Gopal
245 0 _aStudy of cardiac arrhythmias in alp poisoning-loased on continuous holter and cardioscopie monitoring
300 _a78 p.
942 _cTH
999 _c86691
_d86691